[Event "RUS-chT2"]
[Site "Sochi"]
[Date "2023.05.09"]
[Round "8.2"]
[White "Ponomarev, Grigori"]
[Black "Khripachenko, Alexander"]
[Result "1/2-1/2"]
[WhiteElo "2334"]
[BlackElo "2179"]
[PlyCount "23"]
[EventDate "2023.05.01"]
[EventType "team-swiss"]
[EventRounds "9"]
[EventCountry "RUS"]
[SourceTitle "CBM 214 Extra"]
[Source "ChessBase"]
[SourceDate "2023.07.31"]
[SourceVersion "1"]
[SourceVersionDate "2023.07.31"]
[SourceQuality "1"]
[WhiteTeam "Moscow Temus Tim"]
[BlackTeam "Krasnodarsk Region"]
[WhiteTeamCountry "RUS"]
[BlackTeamCountry "RUS"]

1. Nf3 d5 2. e3 Nf6 3. c4 e6 4. b3 c5 5. Bb2 Nc6 6. cxd5 exd5 7. Bb5 Bd6 8. 0-0 0-0 9. Bxc6 bxc6 10. Nc3 Bg4 11. Ne2 Re8 12. d3 1/2-1/2

[Event "RUS-chT2"]
[Site "Sochi"]
[Date "2023.05.08"]
[Round "7.1"]
[White "Kirillov, Dmitry1111"]
[Black "Ponomarev, Grigori"]
[Result "1/2-1/2"]
[WhiteElo "2179"]
[BlackElo "2334"]
[PlyCount "21"]
[EventDate "2023.05.01"]
[EventType "team-swiss"]
[EventRounds "9"]
[EventCountry "RUS"]
[SourceTitle "CBM 214 Extra"]
[Source "ChessBase"]
[SourceDate "2023.07.31"]
[SourceVersion "1"]
[SourceVersionDate "2023.07.31"]
[SourceQuality "1"]
[WhiteTeam "ANOO Primak Gymnasium"]
[BlackTeam "Moscow Temus Tim"]
[WhiteTeamCountry "RUS"]
[BlackTeamCountry "RUS"]

1. e4 e5 2. d4 exd4 3. Qxd4 Nc6 4. Qe3 Nf6 5. Bd2 Be7 6. Nc3 d5 7. exd5 Nxd5 8. Nxd5 Qxd5 9. Ne2 0-0 10. Nf4 Qc5 11. 0-0-0 1/2-1/2

[Event "Cheliabinsk Panchenko Memorial op-A"]
[Site "Cheliabinsk"]
[Date "2022.09.16"]
[Round "5"]
[White "Ponomarev, Grigori"]
[Black "Tekeyev, Zaur"]
[Result "1-0"]
[WhiteElo "2271"]
[BlackElo "2396"]
[PlyCount "153"]
[EventDate "2022.09.12"]
[EventType "swiss"]
[EventRounds "10"]
[EventCountry "RUS"]
[SourceTitle "CBM 210 Extra"]
[Source "ChessBase"]
[SourceDate "2022.11.30"]
[SourceVersion "1"]
[SourceVersionDate "2022.11.30"]
[SourceQuality "1"]

1. d4 Nf6 2. c4 g6 3. Nc3 Bg7 4. e4 d6 5. Nf3 0-0 6. Be2 e5 7. dxe5 dxe5 8. 0-0 Nbd7 9. Be3 c6 10. Qc2 Qe7 11. Rad1 Ng4 12. Bg5 f6 13. Bc1 f5 14. Bg5 Qe8 15. Nh4 Nc5 16. Rd8 Qf7 17. Rxf8+ Bxf8 18. exf5 gxf5 19. Bxg4 fxg4 20. Ne4 Ne6 21. Qd2 Nxg5 22. Qxg5+ Qg7 23. Qd8 Qe7 24. Rd1 b6 25. f3 Kf7 26. Nd6+ Ke6 27. Nxc8 Qxd8 28. Rxd8 Bc5+ 29. Kf1 h5 30. fxg4 hxg4 31. Ke2 a5 32. h3 gxh3 33. gxh3 Rb8 34. Nf3 Rb7 35. Ng5+ Kf5 36. h4 b5 37. Kd3 Kg4 38. Ne4 bxc4+ 39. Kxc4 Bd4 40. b3 Rb4+ 41. Kd3 a4 42. Nd2 axb3 43. axb3 Kxh4 44. Nd6 Kg4 45. N6c4 Kf5 46. Rf8+ Ke6 47. Re8+ Kd7 48. Rg8 Ke6 49. Rg6+ Kd5 50. Rd6+ Kc5 51. Ne4+ Kb5 52. Kc2 Bg1 53. Rg6 Bd4 54. Re6 Bg1 55. Rxe5+ Ka6 56. Ned6 Ka7 57. Ra5+ Kb8 58. Kc3 c5 59. Ne4 Rb7 60. Nxc5 Rh7 61. Rb5+ Ka7 62. Nd3 Rh3 63. Rf5 Kb7 64. b4 Kc7 65. b5 Rh7 66. Nf4 Kb7 67. Kb4 Bf2 68. Nd3 Ba7 69. Nc5+ Kc7 70. Rf6 Rh1 71. Rf7+ Kb8 72. Na6+ Ka8 73. Rf8+ Bb8 74. Nxb8 Kb7 75. Na5+ Kb6 76. Nd7+ Kc7 77. Nc5 1-0

[Event "Cheliabinsk Panchenko Memorial op-A"]
[Site "Cheliabinsk"]
[Date "2022.09.13"]
[Round "2"]
[White "Daneshvar, Bardiya"]
[Black "Ponomarev, Grigori"]
[Result "1-0"]
[WhiteElo "2516"]
[BlackElo "2271"]
[PlyCount "103"]
[EventDate "2022.09.12"]
[EventType "swiss"]
[EventRounds "10"]
[EventCountry "RUS"]
[SourceTitle "CBM 210 Extra"]
[Source "ChessBase"]
[SourceDate "2022.11.30"]
[SourceVersion "1"]
[SourceVersionDate "2022.11.30"]
[SourceQuality "1"]

1. Nf3 d5 2. g3 Nf6 3. Bg2 g6 4. c4 c6 5. b3 Bg7 6. Bb2 0-0 7. 0-0 Bg4 8. d4 a5 9. Nc3 Nbd7 10. h3 Bxf3 11. Bxf3 Nb6 12. Qd3 a4 13. c5 a3 14. Bc1 Nbd7 15. e3 e5 16. Bg2 exd4 17. exd4 Ne4 18. b4 Ng5 19. Rb1 Ne6 20. Ne2 Nc7 21. Rb3 Nb5 22. Be3 Nf6 23. Nc3 Nxc3 24. Rxc3 b5 25. Rxa3 Rxa3 26. Qxa3 Qa8 27. Qb3 Qa6 28. a3 Ra8 29. Bc1 Ne8 30. Bb2 Nc7 31. h4 Qc8 32. Qe3 h5 33. Kh2 Qe8 34. Qd2 Qe7 35. Re1 Qf6 36. Bh3 Re8 37. Rxe8+ Nxe8 38. Bd7 Nc7 39. Qf4 Qe7 40. Qxc7 Qe2 41. Bh3 Qxb2 42. Qc8+ Kh7 43. Qxc6 Qxa3 44. Qxd5 Qxb4 45. c6 Qe7 46. Bd7 Qe2 47. c7 Qxf2+ 48. Qg2 Qxd4 49. c8Q b4 50. Bb5 b3 51. Qc4 Qd1 52. Qd3 1-0

[Event "Chigorin Memorial 28th"]
[Site "St Petersburg"]
[Date "2021.10.29"]
[Round "7"]
[White "Aleksandrov, Aleksej"]
[Black "Ponomarev, Grigori"]
[Result "1/2-1/2"]
[WhiteElo "2534"]
[BlackElo "2275"]
[PlyCount "114"]
[EventDate "2021.10.23"]
[EventType "swiss"]
[EventRounds "9"]
[EventCountry "RUS"]
[SourceTitle "EXT 2023"]
[Source "ChessBase"]
[SourceDate "2022.10.05"]
[SourceVersion "1"]
[SourceVersionDate "2022.10.05"]
[SourceQuality "1"]

1. c4 Nf6 2. Nc3 e5 3. Nf3 Nc6 4. g3 g6 5. d4 exd4 6. Nxd4 Bg7 7. Bg2 0-0 8. 0-0 Nxd4 9. Qxd4 d6 10. Qd2 c6 11. Rd1 Be6 12. b3 Qa5 13. Bb2 Rad8 14. e4 Rfe8 15. Ne2 Qxd2 16. Rxd2 Rd7 17. Rad1 Red8 18. h3 Ne8 19. Nd4 Nc7 20. f4 c5 21. Nf3 Bxb2 22. Rxb2 b5 23. cxb5 Nxb5 24. Rc2 Na3 25. Rcd2 c4 26. Nd4 c3 27. Rd3 Rc7 28. Rc1 Rdc8 29. Nxe6 fxe6 30. Rxd6 c2 31. Bf1 Rc3 32. Kf2 a5 33. Rd3 R3c5 34. Rd4 Rc3 35. Be2 R8c5 36. h4 Kf8 37. Ra4 Nb1 38. Rc4 R5xc4 39. Bxc4 Nd2 40. Ke2 Nxe4 41. Bd3 Nxg3+ 42. Kd2 Rc5 43. Rxc2 Rxc2+ 44. Bxc2 Ke7 45. Ke3 Kd6 46. a3 Nh5 47. Be4 Kc5 48. Bf3 Nf6 49. Kd3 Nd7 50. Bg4 Kd5 51. b4 axb4 52. axb4 Kd6 53. Ke3 Nf6 54. Bf3 e5 55. b5 h6 56. b6 exf4+ 57. Kxf4 Nd7 1/2-1/2

[Event "Chigorin Memorial 28th"]
[Site "St Petersburg"]
[Date "2021.10.25"]
[Round "3"]
[White "Poliakova, Varvara"]
[Black "Ponomarev, Grigori"]
[Result "0-1"]
[WhiteElo "1944"]
[BlackElo "2275"]
[PlyCount "100"]
[EventDate "2021.10.23"]
[EventType "swiss"]
[EventRounds "9"]
[EventCountry "RUS"]
[SourceTitle "EXT 2023"]
[Source "ChessBase"]
[SourceDate "2022.10.05"]
[SourceVersion "1"]
[SourceVersionDate "2022.10.05"]
[SourceQuality "1"]

1. e4 e5 2. Nf3 Nc6 3. Bc4 Nf6 4. d3 Bc5 5. c3 0-0 6. 0-0 d5 7. exd5 Nxd5 8. b4 Be7 9. b5 Na5 10. Nxe5 Nxc4 11. Nxc4 Bf6 12. d4 Be6 13. Ncd2 Re8 14. Ne4 Bf5 15. Nxf6+ Qxf6 16. c4 Bxb1 17. cxd5 Be4 18. Qd2 Bxd5 19. Qc3 Re4 20. Bb2 Rae8 21. Rae1 Qg6 22. Rxe4 Qxe4 23. f3 Qe2 24. a4 Re6 25. Ba3 h6 26. Bb4 Rg6 27. Rf2 Qd1+ 28. Rf1 Qe2 29. Rf2 Qd1+ 30. Rf1 Qxa4 31. Qxc7 Qxb5 32. Qc5 Qxc5 33. dxc5 Ra6 34. Rd1 Bc6 35. Bc3 Ra2 36. Rd2 Ra4 37. Kf2 Rc4 38. Bd4 a5 39. Ke3 a4 40. Rd3 f6 41. h4 Kf7 42. g4 Rb4 43. Ra3 Rb1 44. Kf4 Ke6 45. g5 hxg5+ 46. hxg5 Rb4 47. Ke3 fxg5 48. Bxg7 Kd5 49. Bf6 g4 50. f4 Re4+ 0-1

[Event "Wch FIDE Online U14 Europe qual"]
[Site "Tornelo INT"]
[Date "2020.12.08"]
[Round "3"]
[White "Ponomarev, Grigori"]
[Black "Mitusov, Semen"]
[Result "1/2-1/2"]
[WhiteElo "2229"]
[BlackElo "2221"]
[PlyCount "256"]
[EventDate "2020.12.07"]
[EventType "swiss (rapid)"]
[EventRounds "7"]
[EventCountry "ISS"]
[SourceTitle "EXT 2022"]
[Source "ChessBase"]
[SourceDate "2021.10.06"]
[SourceVersion "1"]
[SourceVersionDate "2021.10.06"]
[SourceQuality "1"]

1. d4 d5 2. Nf3 Nf6 3. c4 e6 4. g3 dxc4 5. Bg2 Bd7 6. 0-0 Bc6 7. a4 a6 8. Qc2 b5 9. Nbd2 Be7 10. Rd1 h6 11. e4 Bb7 12. d5 exd5 13. e5 Nh7 14. e6 0-0 15. exf7+ Rxf7 16. Ne5 Rf8 17. axb5 axb5 18. Rxa8 Bxa8 19. Ndf3 Bf6 20. Bh3 Qd6 21. Ng6 Re8 22. Bf4 Qb6 23. Bf5 d4 24. Nge5 d3 25. Rxd3 Nf8 26. Re3 Rd8 27. Ng4 Bd4 28. Nxd4 Qxd4 29. Re1 Nc6 30. Be3 Qd6 31. Bf4 Qd4 32. Be3 Qd6 33. Bf4 Qb4 34. Ra1 Nd4 35. Rxa8 Qe1+ 36. Kg2 Rxa8 37. Qe4 Qxe4+ 38. Bxe4 Re8 39. Bd5+ Nde6 40. Bxc7 Rc8 41. Be5 b4 42. Ne3 c3 43. bxc3 bxc3 44. Nc2 Kh8 45. Kf3 Rc5 46. Ke4 Rc8 47. f4 Nd8 48. Kd3 Nd7 49. Bxc3 Nc5+ 50. Kd4 Na4 51. Bc4 Nxc3 52. Kxc3 Nb7 53. Kd3 Nc5+ 54. Kd4 Nb7 55. Ne3 Nd6 56. Bd5 Rb8 57. Ke5 Ne8 58. Kd4 Rb2 59. h4 Nf6 60. Bf3 Rb4+ 61. Kc3 Ra4 62. Kd3 Ra1 63. g4 Rg1 64. g5 Nd7 65. gxh6 gxh6 66. Nf5 Rg6 67. Ke3 Rf6 68. Ng3 Nf8 69. Ne4 Rb6 70. f5 Kg7 71. f6+ Kg6 72. Kf4 h5 73. f7 Ne6+ 74. Ke5 Kxf7 75. Bxh5+ Ke7 76. Ng5 Rb5+ 77. Ke4 Rb4+ 78. Kf5 Rxh4 79. Nxe6 Rxh5+ 80. Kg6 Re5 81. Ng5 Re1 82. Kf5 Kd6 83. Ne4+ Kd5 84. Nf6+ Kd4 85. Kg6 Ke5 86. Ng4+ Ke6 87. Kg5 Rf1 88. Ne3 Rf2 89. Ng4 Rf3 90. Nh2 Rf5+ 91. Kg4 Ra5 92. Nf3 Kf6 93. Kf4 Ra4+ 94. Ke3 Kf5 95. Nd4+ Ke5 96. Nf3+ Kd5 97. Nd2 Ra3+ 98. Kf4 Ra4+ 99. Ke3 Ra2 100. Nf3 Ra3+ 101. Kf4 Ra8 102. Ke3 Re8+ 103. Kd3 Rf8 104. Ke3 Rh8 105. Kf4 Re8 106. Kg4 Rf8 107. Ng5 Ke5 108. Nf3+ Ke4 109. Ng5+ Ke3 110. Nh3 Rf7 111. Ng5 Rf4+ 112. Kg3 Ra4 113. Nh3 Ra5 114. Kg4 Ra4+ 115. Kg3 Ke4 116. Kg4 Ra1 117. Ng5+ Ke5 118. Nf3+ Ke4 119. Ng5+ Ke3 120. Kf5 Ra5+ 121. Kg4 Rb5 122. Nh3 Rb4+ 123. Kg3 Rb8 124. Kg4 Ke4 125. Ng5+ Ke5 126. Nf3+ Ke4 127. Ng5+ Ke3 128. Kf5 Rb5+ 1/2-1/2

[Event "Voronezh op-A 23rd"]
[Site "Voronezh"]
[Date "2019.06.21"]
[Round "9"]
[White "Ponomarev, Grigori"]
[Black "Obodchuk, Andrei"]
[Result "1/2-1/2"]
[WhiteElo "2177"]
[BlackElo "2316"]
[PlyCount "74"]
[EventDate "2019.06.12"]
[EventType "swiss"]
[EventRounds "9"]
[EventCountry "RUS"]
[SourceTitle "EXT 2020"]
[Source "ChessBase"]
[SourceDate "2019.10.17"]
[SourceVersion "1"]
[SourceVersionDate "2019.10.17"]
[SourceQuality "1"]

1. Nf3 Nf6 2. d4 c5 3. d5 e6 4. Nc3 Nxd5 5. Nxd5 exd5 6. Qxd5 d6 7. e4 Nc6 8. c3 Be6 9. Qd3 Be7 10. Be2 0-0 11. 0-0 f5 12. Rd1 f4 13. h3 a6 14. Bd2 Qd7 15. Be1 Rad8 16. b4 c4 17. Qd2 Kh8 18. Kh2 Bf6 19. a4 g5 20. b5 axb5 21. axb5 Ne5 22. Nd4 g4 23. Qxf4 Nf3+ 24. Nxf3 gxf3 25. Bxf3 Be5 26. Qxe5+ dxe5 27. Rxd7 Rxd7 28. Be2 Rc8 29. f3 Kg7 30. Kg1 Rd6 31. Rb1 Ra8 32. Bg3 Kf6 33. Bh4+ Kf7 34. Bg3 Kf6 35. Bh4+ Kf7 36. Bg3 Kf6 37. Bh4+ Kf7 1/2-1/2

[Event "RUS-chT U14 final"]
[Site "Sochi"]
[Date "2019.05.08"]
[Round "7.2"]
[White "Ponomarev, Grigori"]
[Black "Zvereva, Margarita"]
[Result "1-0"]
[WhiteElo "2110"]
[BlackElo "1747"]
[PlyCount "109"]
[EventDate "2019.05.01"]
[EventType "team-tourn"]
[EventRounds "9"]
[EventCountry "RUS"]
[SourceTitle "CBM 190 Extra"]
[Source "ChessBase"]
[SourceDate "2019.07.15"]
[SourceVersion "1"]
[SourceVersionDate "2019.07.15"]
[SourceQuality "1"]

1. Nf3 d5 2. c4 e6 3. g3 Nf6 4. Bg2 Be7 5. 0-0 0-0 6. d4 c6 7. Nc3 b6 8. Ne5 Bb7 9. e4 Na6 10. Bf4 Rc8 11. Rc1 dxc4 12. Nxc4 b5 13. Ne3 Qb6 14. e5 Nd5 15. Nexd5 cxd5 16. Be3 b4 17. Ne2 Rxc1 18. Nxc1 f5 19. exf6 Bxf6 20. Ne2 Nc7 21. Bf4 Nb5 22. Be5 Bxe5 23. dxe5 a5 24. Nf4 Bc8 25. Qg4 Nd4 26. Nh5 Nf5 27. Rc1 Qa7 28. Qg5 Qf7 29. Nf4 Nd4 30. Qg4 a4 31. Bxd5 Bd7 32. Be4 b3 33. axb3 Nxb3 34. Rc7 Rc8 35. Rxc8+ Bxc8 36. Qh4 g6 37. Qd8+ Qf8 38. Qc7 Qc5 39. Bc6 Ba6 40. Qd8+ Qf8 41. Qxf8+ Kxf8 42. Nxe6+ Ke7 43. Bxa4 Kxe6 44. Bxb3+ Kxe5 45. f4+ Kd4 46. Kf2 Bb7 47. g4 Kd3 48. g5 Bc8 49. Bg8 Kc2 50. b4 Kc3 51. b5 Kb4 52. b6 Kc5 53. Bxh7 Kxb6 54. Bxg6 Kc6 55. Kg3 1-0

[Event "RUS-chT U14 final"]
[Site "Sochi"]
[Date "2019.05.02"]
[Round "2.2"]
[White "Grebnev, Aleksey"]
[Black "Ponomarev, Grigori"]
[Result "1/2-1/2"]
[WhiteElo "2070"]
[BlackElo "2110"]
[PlyCount "80"]
[EventDate "2019.05.01"]
[EventType "team-tourn"]
[EventRounds "9"]
[EventCountry "RUS"]
[SourceTitle "CBM 190 Extra"]
[Source "ChessBase"]
[SourceDate "2019.07.15"]
[SourceVersion "1"]
[SourceVersionDate "2019.07.15"]
[SourceQuality "1"]

1. d4 Nf6 2. Bf4 e6 3. e3 c5 4. Nf3 d5 5. c3 Bd6 6. Bg3 Qc7 7. Bd3 Nbd7 8. Nbd2 0-0 9. Qc2 h6 10. 0-0 Bxg3 11. hxg3 e5 12. dxe5 Nxe5 13. Nxe5 Qxe5 14. c4 b6 15. Nf3 Qe7 16. cxd5 Nxd5 17. a3 Bb7 18. Rfd1 Rad8 19. Bc4 Nf6 20. Qf5 Rxd1+ 21. Rxd1 Rd8 22. Rxd8+ Qxd8 23. Ne5 Bd5 24. Bxd5 Qxd5 25. Qc8+ Kh7 26. Qf5+ Kg8 27. Qc8+ Kh7 28. Qf5+ Kh8 29. Qc8+ Ng8 30. Qf5 Nf6 31. Qc8+ Ng8 32. Qf5 Qd1+ 33. Kh2 g6 34. Nxg6+ fxg6 35. Qe5+ Kh7 36. Qc7+ Kh8 37. Qe5+ Kh7 38. Qc7+ Kh8 39. Qe5+ Kh7 40. Qc7+ Kh8 1/2-1/2

[Event "RUS-CHN Junior rapid"]
[Site "Belokurikha"]
[Date "2018.07.16"]
[Round "8.5"]
[White "Zhang, Di"]
[Black "Ponomarev, Grigori"]
[Result "0-1"]
[WhiteElo "1962"]
[BlackElo "2135"]
[PlyCount "92"]
[EventDate "2018.07.15"]
[EventType "schev (rapid)"]
[EventRounds "8"]
[EventCountry "RUS"]
[SourceTitle "CBM 185 Extra"]
[Source "ChessBase"]
[SourceDate "2018.07.29"]
[SourceVersion "1"]
[SourceVersionDate "2018.07.29"]
[SourceQuality "1"]
[WhiteTeam "China"]
[BlackTeam "Russia"]
[WhiteTeamCountry "CHN"]
[BlackTeamCountry "RUS"]

1. d4 Nf6 2. c4 c6 3. Nc3 d5 4. Nf3 e6 5. Bg5 Nbd7 6. e3 Be7 7. Be2 0-0 8. 0-0 b6 9. Rb1 a5 10. a3 Ba6 11. cxd5 Bxe2 12. Qxe2 exd5 13. Rfc1 b5 14. b4 axb4 15. axb4 Nb6 16. Ne5 Rc8 17. Na2 Nc4 18. Nxc4 bxc4 19. Nc3 Rb8 20. Bxf6 Bxf6 21. Rc2 Re8 22. Qf3 Qe7 23. h3 Rxb4 24. Rxb4 Qxb4 25. Qd1 Rb8 26. e4 dxe4 27. Nxe4 Bxd4 28. Qc1 Qb1 29. Rxc4 Qxe4 30. Rxc6 h6 31. Rc8+ Rxc8 32. Qxc8+ Kh7 33. Qc1 Qe2 34. Qb1+ g6 35. Qf1 Qxf1+ 36. Kxf1 Kg7 37. f3 Kf6 38. g3 Be5 39. Kg2 Bc7 40. f4 Ke6 41. Kf2 f5 42. Kf3 Kd5 43. Ke3 Bb6+ 44. Kf3 Kd4 45. g4 Bd8 46. Kg3 Ke4 0-1

[Event "RUS-CHN Junior rapid"]
[Site "Belokurikha"]
[Date "2018.07.15"]
[Round "4.5"]
[White "Chi, Haoyuan"]
[Black "Ponomarev, Grigori"]
[Result "0-1"]
[WhiteElo "1445"]
[BlackElo "2135"]
[PlyCount "140"]
[EventDate "2018.07.15"]
[EventType "schev (rapid)"]
[EventRounds "8"]
[EventCountry "RUS"]
[SourceTitle "CBM 185 Extra"]
[Source "ChessBase"]
[SourceDate "2018.07.29"]
[SourceVersion "1"]
[SourceVersionDate "2018.07.29"]
[SourceQuality "1"]
[WhiteTeam "China"]
[BlackTeam "Russia"]
[WhiteTeamCountry "CHN"]
[BlackTeamCountry "RUS"]

1. e4 e5 2. Bc4 Nf6 3. d3 c6 4. Nf3 d5 5. exd5 cxd5 6. Bb5+ Bd7 7. Bxd7+ Nbxd7 8. 0-0 Bd6 9. Nc3 0-0 10. Bg5 h6 11. Bh4 Qb6 12. Rb1 Rad8 13. Bg3 Rfe8 14. Re1 Qc6 15. a3 b5 16. Ne2 Nh5 17. Qd2 Nxg3 18. Nxg3 Bc7 19. h3 e4 20. dxe4 Bxg3 21. fxg3 dxe4 22. Nd4 Qb6 23. Kh2 Nf6 24. c3 Re5 25. Qf4 Rde8 26. Nf5 e3 27. Re2 Re4 28. Qf3 R8e5 29. Rbe1 Nd5 30. Nd4 a5 31. Rf1 f6 32. Rc2 b4 33. axb4 axb4 34. Ne2 bxc3 35. Nxc3 Nxc3 36. bxc3 e2 37. Re1 Qe6 38. c4 Re3 39. Qa8+ Kh7 40. c5 Qf5 41. Rcc1 Rxc5 42. Rxc5 Qxc5 43. Qa2 Qe5 44. Qc2+ g6 45. Kh1 h5 46. Qd2 Qe7 47. Qc2 Kg7 48. Qd2 Re5 49. Kh2 Re3 50. Kh1 g5 51. Qc2 Re5 52. Qc3 Qa7 53. Qd2 Qf2 54. Qd7+ Kg6 55. Qd3+ Kh6 56. Qd2 Re3 57. Qb4 Re8 58. Kh2 Kg6 59. Qb1+ Kh6 60. Qb4 Qe3 61. Qb2 Kg6 62. Qc2+ Kh6 63. Qb2 Qf2 64. Qb4 Kg7 65. Qb7+ Kh6 66. Qb4 h4 67. gxh4 gxh4 68. Qd2+ Re3 69. Qb4 Rxh3+ 70. Kxh3 Qg3# 0-1

[Event "RUS-CHN Junior rapid"]
[Site "Belokurikha"]
[Date "2018.07.15"]
[Round "1.5"]
[White "Ponomarev, Grigori"]
[Black "Lu, Jiahan"]
[Result "1-0"]
[WhiteElo "2135"]
[BlackElo "1779"]
[PlyCount "59"]
[EventDate "2018.07.15"]
[EventType "schev (rapid)"]
[EventRounds "8"]
[EventCountry "RUS"]
[SourceTitle "CBM 185 Extra"]
[Source "ChessBase"]
[SourceDate "2018.07.29"]
[SourceVersion "1"]
[SourceVersionDate "2018.07.29"]
[SourceQuality "1"]
[WhiteTeam "Russia"]
[BlackTeam "China"]
[WhiteTeamCountry "RUS"]
[BlackTeamCountry "CHN"]

1. e4 c5 2. Nf3 e6 3. d4 cxd4 4. Nxd4 a6 5. Nc3 Qc7 6. Be3 Nf6 7. a3 b5 8. Bd3 Bb7 9. 0-0 d6 10. f4 Be7 11. Qf3 h5 12. h3 h4 13. Rad1 Nbd7 14. Bf2 Nc5 15. Rfe1 Rc8 16. Bf1 d5 17. exd5 Nxd5 18. Nxd5 Bxd5 19. Qg4 Kf8 20. f5 Bf6 21. b4 Nd7 22. fxe6 Ne5 23. e7+ Bxe7 24. Rxe5 Rd8 25. Rde1 Bf6 26. Nxb5 axb5 27. Bc5+ Qxc5+ 28. bxc5 Bxe5 29. Rxe5 Rh6 30. Qd4 1-0

[Event "Wch U12 blitz"]
[Site "Minsk"]
[Date "2018.06.24"]
[Round "9"]
[White "Ponomarev, Grigori"]
[Black "Khaledi, Omid"]
[Result "1-0"]
[WhiteElo "2297"]
[BlackElo "1793"]
[PlyCount "83"]
[EventDate "2018.06.24"]
[EventType "swiss (blitz)"]
[EventRounds "9"]
[EventCountry "BLR"]
[SourceTitle "EXT 2019"]
[Source "ChessBase"]
[SourceDate "2018.10.10"]
[SourceVersion "1"]
[SourceVersionDate "2018.10.10"]
[SourceQuality "1"]

1. e4 c5 2. Nf3 Nc6 3. Nc3 e6 4. d4 cxd4 5. Nxd4 Nf6 6. Nxc6 bxc6 7. Bd3 d5 8. 0-0 Bd6 9. Qe2 Bc7 10. Re1 h6 11. Bd2 Rb8 12. b3 d4 13. Na4 e5 14. Nb2 0-0 15. Nc4 Nh7 16. Rf1 Ng5 17. Qh5 Qf6 18. h4 Ne6 19. g3 g5 20. hxg5 hxg5 21. Kg2 Qg6 22. Rh1 Qxh5 23. Rxh5 f6 24. Rah1 Bd7 25. Nb2 Kf7 26. Rh7+ Ng7 27. Bc4+ Be6 28. Bxe6+ Kxe6 29. Rxg7 Bb6 30. Rhh7 Rfe8 31. Nc4 Bc5 32. Rc7 Rec8 33. Rxc8 Rxc8 34. b4 Bf8 35. Rxa7 Rb8 36. a3 Rc8 37. Rb7 Ra8 38. Rc7 c5 39. bxc5 Ra4 40. Rc6+ Kf7 41. Nd6+ Ke7 42. Rc7+ 1-0